[Event "Tata Steel India Blitz w"]
[Site "Kolkata IND"]
[Date "2024.11.16"]
[Round "8.4"]
[White "Vantika, Agrawal"]
[Black "Gunina, Valentina"]
[Result "0-1"]
[WhiteTitle "IM"]
[BlackTitle "GM"]
[WhiteElo "2392"]
[BlackElo "2425"]
[WhiteFideId "25050389"]
[BlackFideId "4167570"]
[EventDate "2024.11.16"]

1. d4 d5 2. c4 c6 3. Nf3 Nf6 4. e3 Bf5 5. Nc3 e6 6. Nh4 Bg6 7. Nxg6 hxg6 8. Qb3
Qc7 9. Bd2 Be7 10. cxd5 cxd5 11. h3 Nc6 12. Rc1 g5 13. g3 Kf8 14. Bg2 g6 15. a3
Kg7 16. Na4 Ne4 17. Qd3 f5 18. Qe2 Bf6 19. Nc5 Qe7 20. Nxe4 dxe4 21. b4 Qd7 22.
O-O Ne7 23. Rc5 Nd5 24. Rfc1 Be7 25. R5c2 Bd6 26. Bf1 g4 27. hxg4 Kf6 28. gxf5
exf5 29. Qb5 Qf7 30. Bg2 g5 31. Rc5 Bxc5 32. dxc5 a6 33. Qc4 Kg6 34. c6 bxc6 35.
Qxc6+ Nf6 36. Qb6 Rhb8 37. Qa5 Rc8 38. Rxc8 Rxc8 39. Qxa6 Rc2 40. Be1 Rc1 41.
Kf1 Qb3 42. Qe2 Qxa3 43. b5 Qb3 44. g4 Nxg4 45. Bxe4 fxe4 46. Qxg4 Qxb5+ 47. Kg2
Qf5 48. Qe2 0-1

[Event "Tata Steel India Blitz w"]
[Site "Kolkata IND"]
[Date "2024.11.16"]
[Round "8.5"]
[White "Lagno, Kateryna"]
[Black "Dronavalli, Harika"]
[Result "1-0"]
[WhiteTitle "GM"]
[BlackTitle "GM"]
[WhiteElo "2527"]
[BlackElo "2493"]
[WhiteFideId "14109336"]
[BlackFideId "5015197"]
[EventDate "2024.11.16"]

1. e4 e6 2. d4 d5 3. Nc3 Nf6 4. e5 Nfd7 5. f4 c5 6. dxc5 Nc6 7. Bd2 Nxc5 8. Nf3
a6 9. Be3 b5 10. a3 Bb7 11. Be2 Qc7 12. O-O g6 13. Qe1 Be7 14. Qf2 Na5 15. b4
Nd7 16. Nxb5 axb5 17. bxa5 Rxa5 18. Nd4 Ba6 19. g4 O-O 20. f5 exf5 21. e6 Nc5
22. gxf5 Ne4 23. Qg2 Bf6 24. Bd3 Ra4 25. Nxb5 Bxb5 26. Bxb5 Bxa1 27. Bxa4 Bg7
28. Bb3 fxe6 29. fxe6 Qd6 30. e7 Rxf1+ 31. Kxf1 Nf6 1-0

[Event "Tata Steel India Blitz w"]
[Site "Kolkata IND"]
[Date "2024.11.16"]
[Round "9.1"]
[White "Gunina, Valentina"]
[Black "Lagno, Kateryna"]
[Result "0-1"]
[WhiteTitle "GM"]
[BlackTitle "GM"]
[WhiteElo "2425"]
[BlackElo "2527"]
[WhiteFideId "4167570"]
[BlackFideId "14109336"]
[EventDate "2024.11.16"]

1. d4 d5 2. c4 e6 3. Nf3 Nf6 4. Nc3 Be7 5. Bf4 O-O 6. e3 b6 7. Bd3 dxc4 8. Bxc4
Ba6 9. Bxa6 Nxa6 10. O-O c5 11. Qa4 Qc8 12. Rac1 Qb7 13. h3 Rac8 14. Rfd1 cxd4
15. exd4 Nb4 16. Ne5 Nbd5 17. Bh2 Nxc3 18. bxc3 b5 19. Qb3 Qd5 20. Bf4 Ne4 21.
c4 bxc4 22. Nxc4 Qf5 23. Be3 Bg5 24. Ne5 Bxe3 25. Qxe3 Nf6 26. Nc6 Nd5 27. Qa3
h6 28. Rc5 Qe4 29. Rxd5 Rxc6 30. Rc5 Rd6 31. Re5 Qxe5 32. dxe5 Rxd1+ 33. Kh2 Rd7
34. f4 g6 35. Qg3 Rc8 36. Qh4 h5 37. Qf2 Rc4 38. Kg3 Rdd4 39. Qe3 Ra4 40. Kh4
Rxf4+ 41. Kg5 Kg7 42. g4 Rxg4+ 0-1

[Event "Tata Steel India Blitz w"]
[Site "Kolkata IND"]
[Date "2024.11.16"]
[Round "9.2"]
[White "Dronavalli, Harika"]
[Black "Koneru, Humpy"]
[Result "1/2-1/2"]
[WhiteTitle "GM"]
[BlackTitle "GM"]
[WhiteElo "2493"]
[BlackElo "2530"]
[WhiteFideId "5015197"]
[BlackFideId "5008123"]
[EventDate "2024.11.16"]

1. Nf3 d5 2. g3 Nc6 3. d4 Bf5 4. Bg2 Nb4 5. Na3 e6 6. O-O Nf6 7. Ne5 Bd6 8. c3
Nc6 9. Qa4 Bxe5 10. dxe5 Nd7 11. f4 O-O 12. Be3 f6 13. exf6 Nxf6 14. Nb5 Be4 15.
Bh3 Bf5 16. Bg2 Be4 17. Bh3 Bf5 18. Bg2 Be4 19. Bh3 Bf5 1/2-1/2

[Event "Tata Steel India Blitz w"]
[Site "Kolkata IND"]
[Date "2024.11.16"]
[Round "9.3"]
[White "Divya, Deshmukh"]
[Black "Vantika, Agrawal"]
[Result "1-0"]
[WhiteTitle "IM"]
[BlackTitle "IM"]
[WhiteElo "2493"]
[BlackElo "2392"]
[WhiteFideId "35006916"]
[BlackFideId "25050389"]
[EventDate "2024.11.16"]

1. e4 c5 2. Nf3 a6 3. c4 Nc6 4. d4 cxd4 5. Nxd4 e5 6. Nb3 Bb4+ 7. Nc3 Nf6 8. Bd3
O-O 9. O-O Bxc3 10. bxc3 d6 11. a4 Qc7 12. a5 Be6 13. Be3 Nd7 14. Qe2 Ne7 15.
Rfb1 Rfc8 16. Nd2 Rab8 17. Ba7 Ra8 18. Bb6 Nxb6 19. axb6 Qd7 20. Nf1 Rc5 21. Ne3
Rac8 22. Rb2 g6 23. Qd2 Kg7 24. Nd5 Bxd5 25. cxd5 f5 26. f3 fxe4 27. fxe4 Ng8
28. Rf1 Rxc3 29. Bxa6 R3c5 30. Bd3 Rf8 31. Rxf8 Kxf8 32. Rc2 Rxc2 33. Qxc2 Ke7
34. h3 Kd8 35. Qc1 Ne7 36. Qh6 Nc8 37. Qf8+ Qe8 38. Qf6+ Qe7 39. Qf2 h5 40. Bb5
h4 41. Kh2 g5 42. g3 hxg3+ 43. Kxg3 Qh7 44. Qf8# 1-0

[Event "Tata Steel India Blitz w"]
[Site "Kolkata IND"]
[Date "2024.11.16"]
[Round "9.4"]
[White "Vaishali, Rameshbabu"]
[Black "Dzagnidze, Nana"]
[Result "0-1"]
[WhiteTitle "GM"]
[BlackTitle "GM"]
[WhiteElo "2490"]
[BlackElo "2518"]
[WhiteFideId "5091756"]
[BlackFideId "13601903"]
[EventDate "2024.11.16"]

1. e4 c6 2. d4 d5 3. e5 c5 4. Nf3 cxd4 5. Nxd4 Nc6 6. Nxc6 bxc6 7. Bd3 e6 8. O-O
a5 9. Re1 Ne7 10. c3 Ng6 11. Nd2 Be7 12. Qg4 O-O 13. Nf3 Rb8 14. h4 Nxh4 15.
Nxh4 Bxh4 16. g3 Be7 17. Bh6 g6 18. Bxf8 Bxf8 19. Rab1 c5 20. Bf1 h5 21. Qf4 Qc7
22. c4 d4 23. Bd3 Bg7 24. Qe4 Bb7 25. Qe2 Qd8 26. Be4 Ba6 27. b3 h4 28. Qg4 hxg3
29. Qxg3 Rb4 30. Kg2 Qc7 31. f4 Qb8 32. Rh1 a4 33. Qf3 Rb6 34. Kg3 Rb4 35. Rh2
g5 36. Qh5 gxf4+ 37. Kf3 Qxe5 38. Qxe5 Bxe5 39. bxa4 Rxa4 40. Rb6 Ra3+ 41. Kg4
Bxc4 42. Rg2 Kf8 43. Rc6 Ra5 44. Rc8+ Ke7 45. Kg5 Bf6+ 46. Kxf4 Bxa2 47. Rgg8
Kd6 48. Rc6+ Kd7 49. Rgc8 Ra7 50. Rxc5 Be7 51. Rc2 Bd6+ 52. Kg5 Bb3 53. Rc1 Ke7
54. Bc6 Ba3 55. Rf1 e5 56. Rf6 Be6 57. Rf1 Kd6 58. Ra8 Rxa8 59. Bxa8 Bb4 60. Be4
Bc3 61. Kf6 Bb4 62. Rc1 Bc3 63. Rb1 Bd5 64. Bf5 e4 65. Rb6+ Kc5 66. Rb8 d3+ 67.
Ke7 d2 68. Bg4 e3 69. Be2 f5 70. Rf8 Be4 71. Ke6 Kb4 72. Rb8+ Ka3 73. Bd1 Ka2
74. Bb3+ Ka1 75. Bd1 Bb2 76. Rb3 Bd4 77. Rb4 Bc5 78. Rxe4 fxe4 79. Kd5 Kb2 80.
Kxe4 Kc1 0-1

[Event "Tata Steel India Blitz w"]
[Site "Kolkata IND"]
[Date "2024.11.16"]
[Round "9.5"]
[White "Kosteniuk, Alexandra"]
[Black "Goryachkina, Aleksandra"]
[Result "1-0"]
[WhiteTitle "GM"]
[BlackTitle "GM"]
[WhiteElo "2487"]
[BlackElo "2528"]
[WhiteFideId "4128125"]
[BlackFideId "4147103"]
[EventDate "2024.11.16"]

1. e4 c5 2. d4 cxd4 3. Qxd4 Nc6 4. Qd3 e6 5. Nc3 a6 6. Bf4 b5 7. O-O-O Nf6 8.
Qe2 Qa5 9. Kb1 Be7 10. e5 Ng8 11. Nf3 f5 12. Qd2 Bb4 13. g4 fxg4 14. Ng5 Nge7
15. Bg2 Bxc3 16. bxc3 b4 17. c4 Rb8 18. Rhe1 O-O 19. Bg3 Qc5 20. Qd3 Nf5 21. Ne4
Qa5 22. Nd2 Qa3 23. Nb3 a5 24. Bf4 Nce7 25. Bc1 a4 26. Bxa3 bxa3 27. Be4 axb3
28. cxb3 Nc6 29. Bxc6 dxc6 30. c5 Rb5 31. Qc4 Ne7 32. Rd6 Nd5 33. Rc1 Rb4 34.
Qc2 Rbf4 35. Rxc6 Nb4 36. Rxc8 Rxc8 37. Qd2 Nd5 38. c6 Rc7 39. Rc4 Rf8 40. Rc5
h5 41. Rxd5 exd5 42. Qxd5+ Kh7 43. Qe4+ g6 44. e6 Re8 45. b4 Rce7 46. b5 Rxe6
47. Qxe6 Rxe6 48. c7 Re1+ 49. Kc2 Re2+ 50. Kb3 Rxf2 51. c8=Q Rf3+ 52. Kb4 1-0

[Event "Tata Steel India Blitz w"]
[Site "Kolkata IND"]
[Date "2024.11.17"]
[Round "10.1"]
[White "Koneru, Humpy"]
[Black "Goryachkina, Aleksandra"]
[Result "1/2-1/2"]
[WhiteTitle "GM"]
[BlackTitle "GM"]
[WhiteElo "2530"]
[BlackElo "2528"]
[WhiteFideId "5008123"]
[BlackFideId "4147103"]
[EventDate "2024.11.16"]

1. d4 d5 2. c4 e6 3. Nf3 Nf6 4. Nc3 Nbd7 5. Bg5 h6 6. Bh4 Be7 7. e3 O-O 8. Rc1
dxc4 9. Bxc4 a6 10. Bd3 c5 11. Bb1 b5 12. dxc5 Nxc5 13. Qc2 Ncd7 14. O-O Bb7 15.
Rfd1 g5 16. Nxg5 hxg5 17. Bxg5 Kg7 18. Bxf6+ Kxf6 19. Ne4+ Bxe4 20. Qxe4 Rg8 21.
Qd4+ Kg5 22. Qxd7 Qxd7 23. Rxd7 Kf6 24. Rcc7 Rge8 25. Be4 Rad8 26. g3 Rxd7 27.
Rxd7 Rd8 28. Rxd8 Bxd8 29. b4 a5 30. bxa5 Bxa5 31. Kg2 Bc3 32. f4 b4 33. Kf3 Kg7
34. h4 Be1 35. h5 Kh6 36. g4 f6 37. Bc2 Bc3 38. Ke4 e5 39. Kf5 exf4 40. exf4 Bd2
41. Bd1 Bc1 42. Be2 Bd2 43. Bd1 Bc1 44. Kxf6 Bxf4 45. Kf5 Bc1 46. Bf3 Bd2 47.
Ke4 Kg5 48. Kd3 Be1 49. Bd1 Kh6 50. Kc4 Kg5 51. Kd3 Kh6 52. Ke2 Bc3 53. Ke3 Kg5
54. Kd3 Be1 55. Kc4 Kh6 56. Kd5 Kg5 57. Ke4 Bc3 58. Kd5 Be1 59. Ke6 Kh6 60. Kf6
Bd2 61. Kf5 Bc1 62. Ke4 Kg5 63. Kd3 Kh6 64. Kc4 Bd2 65. Kd3 Be1 66. Ke2 Bc3 67.
Ke3 Kg5 68. Ke4 Be1 69. Ke5 Bc3+ 70. Ke4 Be1 71. Ke5 Bc3+ 72. Ke4 1/2-1/2

[Event "Tata Steel India Blitz w"]
[Site "Kolkata IND"]
[Date "2024.11.17"]
[Round "10.2"]
[White "Kosteniuk, Alexandra"]
[Black "Dzagnidze, Nana"]
[Result "1-0"]
[WhiteTitle "GM"]
[BlackTitle "GM"]
[WhiteElo "2487"]
[BlackElo "2518"]
[WhiteFideId "4128125"]
[BlackFideId "13601903"]
[EventDate "2024.11.16"]

1. e4 c5 2. c3 Nf6 3. e5 Nd5 4. Bc4 Nb6 5. Bb3 d5 6. exd6 exd6 7. Nf3 Be7 8. d4
O-O 9. O-O Bf6 10. Be3 c4 11. Bc2 Bg4 12. Nbd2 d5 13. h3 Bh5 14. g4 Bg6 15. Ne5
Bxe5 16. dxe5 Nc6 17. f4 Bxc2 18. Qxc2 f6 19. exf6 Qxf6 20. Nf3 Rfe8 21. Rae1
Rad8 22. Nd4 Nxd4 23. Bxd4 Qh4 24. Rxe8+ Rxe8 25. Kg2 Re4 26. Bxb6 axb6 27. Qd2
d4 28. cxd4 h5 29. g5 b5 30. d5 b4 31. d6 Re8 32. d7 Rd8 33. Rf3 Kh8 1-0

[Event "Tata Steel India Blitz w"]
[Site "Kolkata IND"]
[Date "2024.11.17"]
[Round "10.3"]
[White "Vaishali, Rameshbabu"]
[Black "Vantika, Agrawal"]
[Result "0-1"]
[WhiteTitle "GM"]
[BlackTitle "IM"]
[WhiteElo "2490"]
[BlackElo "2392"]
[WhiteFideId "5091756"]
[BlackFideId "25050389"]
[EventDate "2024.11.16"]

1. Nf3 Nf6 2. e3 d5 3. c4 e6 4. b3 Bd6 5. Bb2 O-O 6. Nc3 Re8 7. Qc2 dxc4 8. Bxc4
a6 9. Ne4 Nxe4 10. Qxe4 Nd7 11. h4 Nf6 12. Qc2 b5 13. Be2 e5 14. d4 e4 15. Ne5
Bb7 16. h5 h6 17. Rd1 Qe7 18. Ng4 Nd5 19. Ne5 c5 20. Kf1 Rac8 21. Qb1 cxd4 22.
exd4 e3 23. Qf5 exf2 24. Qxf2 Rc2 25. Bc1 Rec8 26. Qf5 Rxc1 27. Kf2 Rxd1 28.
Bxd1 Qe6 29. Qd3 Qf6+ 30. Kg1 Qg5 31. Bf3 Rc1+ 32. Kf2 Rxh1 0-1

[Event "Tata Steel India Blitz w"]
[Site "Kolkata IND"]
[Date "2024.11.17"]
[Round "10.4"]
[White "Divya, Deshmukh"]
[Black "Lagno, Kateryna"]
[Result "1/2-1/2"]
[WhiteTitle "IM"]
[BlackTitle "GM"]
[WhiteElo "2493"]
[BlackElo "2527"]
[WhiteFideId "35006916"]
[BlackFideId "14109336"]
[EventDate "2024.11.16"]

1. e4 e5 2. Nf3 Nc6 3. Nc3 Nf6 4. Bb5 Nd4 5. O-O Nxb5 6. Nxb5 c6 7. Nc3 d6 8. d4
Qc7 9. h3 Be7 10. a4 O-O 11. Qe2 Re8 12. Be3 h6 13. Rfd1 Bf8 14. dxe5 dxe5 15.
Nh2 Be6 16. Ng4 Nxg4 17. hxg4 f6 18. f3 b6 19. Qf2 Bb4 20. Ne2 Rad8 21. Ng3
Rxd1+ 22. Rxd1 Rd8 23. Qe2 Rd7 24. Nf5 Qd8 25. Rxd7 Qxd7 26. Kf2 Bf8 27. Qd2 Kf7
28. Ke1 Qxd2+ 29. Kxd2 Bc4 30. Ng3 Ke6 31. b3 Ba6 32. a5 c5 33. axb6 axb6 34. c4
b5 35. Kc3 bxc4 36. bxc4 Kd7 37. Ne2 Kc6 38. Kd3 Bc8 39. Nc3 Be6 40. Nd5 Bf7 41.
Kc3 Kb7 42. Kb3 Ka6 43. Nc3 Kb6 44. Nd5+ Ka6 45. Nc3 Kb6 46. Na4+ Kc6 47. Kc3
Be7 48. Kd3 Bd6 49. Nc3 Bc7 50. Nd5 Bd6 51. Bf2 Bf8 52. Bh4 Be8 53. Be1 Bd7 54.
Bf2 Bc8 55. Ne3 Be6 56. Bg3 Bd6 57. Nf5 Bf8 58. Ne3 Bd6 59. Bh2 Bf8 60. g3 Bc8
61. f4 Bd7 62. Bg1 Bd6 63. f5 Bf8 64. Bf2 Be8 65. Be1 h5 66. gxh5 Bxh5 67. g4
Be8 68. Bh4 Be7 69. Nd5 Bd8 70. Kc3 Ba5+ 71. Kd3 Bd8 72. Nc3 Bd7 73. Ne2 Be8 74.
Ng3 Bf7 75. Ne2 Be8 76. Ng1 Bf7 77. Nf3 Kd7 78. Ne1 Kc6 79. Nc2 Be8 80. Ne1 Bf7
81. Nf3 Kd7 82. Bf2 Be7 83. g5 Bh5 84. gxf6 gxf6 85. Nd2 Kc6 86. Nb1 Bf3 87. Nc3
Bg2 88. Nd5 Bd8 89. Bh4 Bf1+ 90. Kc3 Bg2 91. Bxf6 Ba5+ 92. Kd3 Bf1+ 93. Ke3 Bxc4
94. Ne7+ Kd7 95. Ng6 Ba2 96. Bxe5 c4 97. f6 Ke6 98. Bd4 c3 99. Nf4+ Kf7 100. Ne2
c2 101. Bb2 Bc4 102. Nf4 c1=Q+ 103. Bxc1 Kxf6 104. Bb2+ Kf7 105. Kd4 Be6 106.
Nd3 Bb6+ 107. Ke5 Bc7+ 108. Kd4 Bb6+ 109. Kc3 Ba5+ 110. Kc2 Bc7 111. Kd2 Bc4
112. Nc5 Bb6 113. Na4 Ba7 114. Bc3 Bb5 115. Nb2 Bc6 116. Kd3 Bb5+ 117. Kd2 Bc6
118. e5 Ke6 119. Nd3 Bb5 120. Nf4+ Kf5 121. Nd5 Bc5 122. e6 Bc6 123. e7 Ke6 124.
Nb4 Bxb4 125. Bxb4 1/2-1/2

[Event "Tata Steel India Blitz w"]
[Site "Kolkata IND"]
[Date "2024.11.17"]
[Round "10.5"]
[White "Gunina, Valentina"]
[Black "Dronavalli, Harika"]
[Result "1/2-1/2"]
[WhiteTitle "GM"]
[BlackTitle "GM"]
[WhiteElo "2425"]
[BlackElo "2493"]
[WhiteFideId "4167570"]
[BlackFideId "5015197"]
[EventDate "2024.11.16"]

1. d4 d5 2. c4 e6 3. Nf3 Nf6 4. Nc3 c6 5. e3 a6 6. b3 Bb4 7. Bd2 Nbd7 8. Be2 O-O
9. O-O Bd6 10. Qc2 e5 11. dxe5 Nxe5 12. cxd5 cxd5 13. h3 Bd7 14. Nd4 Rc8 15. Qb2
Re8 16. Rac1 Qe7 17. f4 Nc6 18. Bf3 Ba3 19. Qb1 Nxd4 20. exd4 Bxc1 21. Rxc1 Bc6
22. Re1 Ne4 23. Bxe4 dxe4 24. Be3 Bb5 25. Qb2 Bd3 26. f5 Qd6 27. Rc1 Rc7 28. f6
Rec8 29. fxg7 Qb4 30. Nd5 Rxc1+ 31. Bxc1 Qe1+ 32. Kh2 Rxc1 33. Qa3 Kxg7 34. Qe7
Qg1+ 35. Kg3 Qxd4 36. Qg5+ Kf8 37. Qd8+ Kg7 38. Qg5+ Kf8 39. Qe7+ Kg7 40. Qg5+
Kf8 41. Qd8+ Kg7 1/2-1/2

[Event "Tata Steel India Blitz w"]
[Site "Kolkata IND"]
[Date "2024.11.17"]
[Round "11.1"]
[White "Dronavalli, Harika"]
[Black "Divya, Deshmukh"]
[Result "1-0"]
[WhiteTitle "GM"]
[BlackTitle "IM"]
[WhiteElo "2493"]
[BlackElo "2493"]
[WhiteFideId "5015197"]
[BlackFideId "35006916"]
[EventDate "2024.11.16"]

1. Nf3 Nf6 2. c4 e6 3. Nc3 d5 4. d4 Nbd7 5. Bf4 dxc4 6. e3 b5 7. Nxb5 Bb4+ 8.
Nc3 Nd5 9. a3 Nxc3 10. Qd2 Bxa3 11. Qxc3 Bd6 12. Bxc4 O-O 13. O-O Bb7 14. Ne5
Nb6 15. Bg3 a5 16. Rfc1 a4 17. Bf1 Qe7 18. Qc2 h6 19. Nc4 Bxg3 20. hxg3 Rfc8 21.
Qd1 Qb4 22. Qe1 Qxe1 23. Rxe1 Bd5 24. Rec1 Bxc4 25. Bxc4 c5 26. dxc5 Rxc5 27.
Be2 Rac8 28. Rxc5 Rxc5 29. Bd1 Rb5 30. Bxa4 Rxb2 31. Bd1 Nd5 32. Bf3 Nf6 33. Rd1
Kh7 34. Rc1 Nd7 35. Rd1 Ne5 36. Ra1 g6 37. Rd1 Kg7 38. Ra1 h5 39. Rd1 Kf6 40.
Kf1 Nc4 41. Kg1 Nd2 42. Ra1 Nb3 43. Rd1 Nc5 44. Rc1 Nd3 45. Rf1 Ke5 46. Bc6 Rc2
47. Be8 Kf6 48. Ba4 Ra2 49. Bb5 Nc5 50. Rc1 Ne4 51. Rf1 g5 52. Bd3 Nc5 53. Rd1
h4 54. gxh4 gxh4 55. Bc4 Ne4 56. Bxa2 1-0

[Event "Tata Steel India Blitz w"]
[Site "Kolkata IND"]
[Date "2024.11.17"]
[Round "11.2"]
[White "Gunina, Valentina"]
[Black "Koneru, Humpy"]
[Result "0-1"]
[WhiteTitle "GM"]
[BlackTitle "GM"]
[WhiteElo "2425"]
[BlackElo "2530"]
[WhiteFideId "4167570"]
[BlackFideId "5008123"]
[EventDate "2024.11.16"]

1. d4 Nf6 2. c4 e6 3. Nf3 d5 4. Nc3 Be7 5. Bf4 O-O 6. e3 b6 7. Bd3 dxc4 8. Bxc4
Ba6 9. Bxa6 Nxa6 10. O-O c5 11. Qa4 cxd4 12. exd4 Nc7 13. Ne5 Ncd5 14. Bg5 Nxc3
15. bxc3 Nd5 16. Nc6 Qd6 17. Nxe7+ Nxe7 18. Rfd1 Nd5 19. Rac1 a6 20. c4 b5 21.
c5 Qc6 22. Qb3 h6 23. Bd2 Rfd8 24. Qg3 Kh8 25. Qf3 Kg8 26. h4 Ne7 27. Qf4 Nf5
28. Ba5 Rd5 29. h5 Ne7 30. Qf3 Rg5 31. Qh3 Nd5 32. Bd2 Rf5 33. Qh4 Nf6 34. g4
Rf3 35. Be3 Qe4 36. Qh2 Nxg4 37. Qg2 Nxe3 38. fxe3 Qxe3+ 39. Kh2 Rf2 40. c6
Rxg2+ 41. Kxg2 Rc8 42. d5 exd5 43. Re1 Qg5+ 44. Kf2 Qf6+ 45. Kg2 Rxc6 0-1

[Event "Tata Steel India Blitz w"]
[Site "Kolkata IND"]
[Date "2024.11.17"]
[Round "11.3"]
[White "Lagno, Kateryna"]
[Black "Vaishali, Rameshbabu"]
[Result "0-1"]
[WhiteTitle "GM"]
[BlackTitle "GM"]
[WhiteElo "2527"]
[BlackElo "2490"]
[WhiteFideId "14109336"]
[BlackFideId "5091756"]
[EventDate "2024.11.16"]

1. e4 c5 2. Nf3 Nc6 3. Bb5 e6 4. Bxc6 bxc6 5. b3 Ne7 6. Bb2 f6 7. d3 e5 8. Nfd2
d6 9. Qf3 Ng6 10. Nc4 Be7 11. Ne3 O-O 12. Nf5 Rf7 13. Nd2 Bf8 14. h4 Ne7 15. g4
d5 16. O-O-O a5 17. a4 Rb8 18. Qg3 Ng6 19. h5 Nf4 20. h6 Ne2+ 21. Kb1 Nxg3 22.
fxg3 Bxf5 23. gxf5 gxh6 24. g4 Rg7 25. Rxh6 Rxg4 26. Rh2 Rb7 27. Nf3 dxe4 28.
Nd2 exd3 29. Nc4 dxc2+ 30. Kxc2 Rd7 31. Rdh1 Rdg7 32. Ne3 Rg3 33. Bc1 Qd4 34.
Rh4 e4 35. Rd1 Qe5 36. Bb2 Rg2+ 0-1

[Event "Tata Steel India Blitz w"]
[Site "Kolkata IND"]
[Date "2024.11.17"]
[Round "11.4"]
[White "Vantika, Agrawal"]
[Black "Kosteniuk, Alexandra"]
[Result "1/2-1/2"]
[WhiteTitle "IM"]
[BlackTitle "GM"]
[WhiteElo "2392"]
[BlackElo "2487"]
[WhiteFideId "25050389"]
[BlackFideId "4128125"]
[EventDate "2024.11.16"]

1. d4 Nf6 2. c4 e6 3. Nf3 Bb4+ 4. Bd2 Qe7 5. g3 d5 6. Bg2 O-O 7. O-O dxc4 8. Qc2
b5 9. a4 bxa4 10. Rxa4 Bxd2 11. Nfxd2 Nd5 12. Nxc4 Bd7 13. Ra1 Nc6 14. Rd1 Ncb4
15. Qc1 Rfc8 16. e4 Nb6 17. Na5 e5 18. d5 h5 19. h4 c6 20. d6 Qf6 21. Nc3 c5 22.
Nb3 Be6 23. Na5 c4 24. Qd2 Rd8 25. Qe2 Rd7 26. Rd2 Rad8 27. Rad1 Bg4 28. f3 Be6
29. Qe3 Qg6 30. Kh2 Rc8 31. Qe2 Nd3 32. b3 Nb4 33. Nxc4 Nxc4 34. bxc4 Bxc4 35.
Qe3 Rc6 36. Bh3 Rdxd6 37. Qxa7 Rxd2+ 38. Rxd2 Be6 39. Qa8+ Kh7 40. Bxe6 Qxe6 41.
Nd5 Rc2 42. Rxc2 Nxc2 43. Qa5 Nd4 44. Kg2 Qc6 45. Qd2 f6 46. Ne3 Qb5 47. Nf5
Nxf5 48. exf5 Qb1 49. g4 hxg4 50. fxg4 Qe4+ 51. Kg3 Qh1 52. Qe2 Qg1+ 53. Kh3 Qd4
54. g5 fxg5 55. hxg5 Kg8 56. Qa2+ Kf8 57. Qa8+ Ke7 58. Qb7+ Kf8 59. Qc8+ Ke7 60.
Qe6+ Kf8 61. g6 Qe3+ 62. Kg2 Qe2+ 63. Kg3 Qe3+ 64. Kg4 Qf4+ 65. Kh3 Qf3+ 66. Kh2
Qf2+ 67. Kh3 Qf3+ 68. Kh2 Qf2+ 69. Kh3 1/2-1/2

[Event "Tata Steel India Blitz w"]
[Site "Kolkata IND"]
[Date "2024.11.17"]
[Round "11.5"]
[White "Dzagnidze, Nana"]
[Black "Goryachkina, Aleksandra"]
[Result "1/2-1/2"]
[WhiteTitle "GM"]
[BlackTitle "GM"]
[WhiteElo "2518"]
[BlackElo "2528"]
[WhiteFideId "13601903"]
[BlackFideId "4147103"]
[EventDate "2024.11.16"]

1. d4 d5 2. c4 e6 3. Nc3 Nf6 4. Bg5 Be7 5. e3 O-O 6. Nf3 Nbd7 7. Qc2 h6 8. Bh4
c5 9. dxc5 Nxc5 10. Rd1 Qa5 11. Nd4 dxc4 12. Bxc4 Nce4 13. Ne2 Nxc3 14. Nxc3 Qh5
15. Bg3 Bd7 16. Be2 Qa5 17. Bf3 Qa6 18. Qe2 Qxe2+ 19. Kxe2 Bc6 20. Bxc6 bxc6 21.
Bd6 Bxd6 22. Rxd6 Rab8 23. b3 Rfc8 24. Rc1 c5 25. Na4 c4 26. Rxc4 Rxc4 27. bxc4
Rb4 28. Nc3 Rxc4 29. Rd8+ Kh7 30. Kd3 Rb4 31. Ra8 Rb7 32. f3 Rd7+ 33. Ke2 Rb7
34. Kd3 Rd7+ 35. Ke2 Rb7 36. e4 Nh5 37. Ke3 g5 38. g3 f5 39. exf5 exf5 40. Nd5
Kg7 41. g4 fxg4 42. fxg4 Nf6 43. Nxf6 Kxf6 44. a4 Rb3+ 45. Kf2 Rb4 46. Rxa7 Rxg4
47. Ra6+ Kf5 48. Rxh6 Rxa4 1/2-1/2

[Event "Tata Steel India Blitz w"]
[Site "Kolkata IND"]
[Date "2024.11.17"]
[Round "12.1"]
[White "Goryachkina, Aleksandra"]
[Black "Vantika, Agrawal"]
[Result "0-1"]
[WhiteTitle "GM"]
[BlackTitle "IM"]
[WhiteElo "2528"]
[BlackElo "2392"]
[WhiteFideId "4147103"]
[BlackFideId "25050389"]
[EventDate "2024.11.16"]

1. e4 e6 2. d4 d5 3. Nc3 Nf6 4. Bg5 dxe4 5. Nxe4 Be7 6. Bxf6 gxf6 7. Qd2 f5 8.
Nc3 a6 9. g3 Bf6 10. O-O-O O-O 11. Bg2 Nc6 12. Nge2 Qd6 13. Kb1 Na5 14. Nd5 exd5
15. Qxa5 Be6 16. Nf4 c6 17. Qd2 Bg5 18. Bf3 Kh8 19. h4 Bxf4 20. gxf4 Rg8 21. h5
h6 22. a3 Rg7 23. Rhg1 Rag8 24. Rxg7 Rxg7 25. Re1 Qb8 26. Ka2 Kh7 27. Re5 Rg1
28. Be2 Qg8 29. Bd3 Qg4 30. Qe3 Kg7 31. Rxe6 fxe6 32. Qxe6 Qxf4 33. Bxf5 Qc7 34.
Bg6 Rg5 35. f4 Rg1 36. f5 Rf1 37. Qe3 a5 38. a4 b6 39. b3 Qd6 40. Kb2 Qf6 41.
Qc3 c5 42. dxc5 Qxc3+ 43. Kxc3 bxc5 44. Kd3 Kf6 45. c3 Ke5 46. Ke3 Rc1 47. Kd3
Rg1 48. Bh7 Rg3+ 49. Kc2 Rf3 50. Bg6 d4 51. cxd4+ Kxd4 52. Kb2 Rf2+ 53. Ka3 Kc3
54. Bh7 Rf1 55. Ka2 Kb4 56. Kb2 Rf2+ 0-1

[Event "Tata Steel India Blitz w"]
[Site "Kolkata IND"]
[Date "2024.11.17"]
[Round "12.2"]
[White "Kosteniuk, Alexandra"]
[Black "Lagno, Kateryna"]
[Result "1/2-1/2"]
[WhiteTitle "GM"]
[BlackTitle "GM"]
[WhiteElo "2487"]
[BlackElo "2527"]
[WhiteFideId "4128125"]
[BlackFideId "14109336"]
[EventDate "2024.11.16"]

1. e4 e5 2. Nf3 Nc6 3. Bc4 Bc5 4. d3 d6 5. a4 Bb6 6. c3 h6 7. h3 a5 8. Nbd2 Nge7
9. Qb3 O-O 10. Nf1 Qe8 11. Be3 Bxe3 12. Nxe3 Kh8 13. g4 Be6 14. Nh4 Bxc4 15.
Qxc4 Ng6 16. Nhf5 Nf4 17. O-O-O Ne7 18. Nxe7 Qxe7 19. d4 exd4 20. Rxd4 Qe6 21.
Nd5 Nxd5 22. Qxd5 Qf6 23. Qf5 Qh4 24. Rd5 b6 25. Qf4 Rae8 26. Rh5 Qe7 27. f3 f6
28. h4 Qd7 29. Rd1 Qxa4 30. Rxh6+ gxh6 31. Qxh6+ Kg8 32. Qg6+ Kh8 33. Qh6+ Kg8 1/2-1/2

[Event "Tata Steel India Blitz w"]
[Site "Kolkata IND"]
[Date "2024.11.17"]
[Round "12.3"]
[White "Vaishali, Rameshbabu"]
[Black "Dronavalli, Harika"]
[Result "1/2-1/2"]
[WhiteTitle "GM"]
[BlackTitle "GM"]
[WhiteElo "2490"]
[BlackElo "2493"]
[WhiteFideId "5091756"]
[BlackFideId "5015197"]
[EventDate "2024.11.16"]

1. e4 e6 2. d4 d5 3. Nc3 Bb4 4. exd5 exd5 5. Bd3 c6 6. Qf3 Nf6 7. Ne2 Bg4 8.
Qe3+ Qe7 9. Qxe7+ Bxe7 10. O-O Bd6 11. Bf4 Bxe2 12. Nxe2 Bxf4 13. Nxf4 Nbd7 14.
Rfe1+ Kd8 15. a4 a5 16. h4 Re8 17. f3 h6 18. h5 Kc7 19. Kf2 Rxe1 20. Rxe1 Re8
21. Rg1 Nf8 22. g4 Ne6 23. Nxe6+ Rxe6 24. c3 Re7 25. Re1 Rxe1 26. Kxe1 Kd6 27.
Kd2 Nd7 28. Ke3 Nb6 29. b3 Nd7 30. Kf4 Nf8 31. Kf5 Ke7 32. Kf4 Kf6 33. Bf5 Ne6+
34. Bxe6 Kxe6 35. g5 b5 36. Kg4 f6 37. gxh6 gxh6 38. f4 f5+ 39. Kf3 Kd6 40. Ke3
Kc7 41. Kd3 Kb6 42. Kc2 Kc7 43. Kd3 Kb6 1/2-1/2